00785nam a22001697a 4500008004100000020005400041050001300095100002000108245005200128250001300180260004800193300003800241440002200279505024800301650003800549650002800587111012t xxu||||| |||| 00| 0 eng d a069739378X 9780697393784 0697393771 9780697393777 aCB53.H87 aHughes, William aWestern civilization /cWilliam Hughes, editor. a10th ed. aGuilford, Conn. : bDushkin Pub., c©1999. ax, 229 p.:bill., maps ; c28 cm. aAnnual editions.  aConyents: The Age of power -- Rationalism, enlightment and revolution -- Industry, ideology, nation-building, and imperialism: The Nineteenth century -- Modernism, statism, and total war: The Twentieth century -- Conclusion: The Human prospect aCivilization, Western xHistory.  aCivilizationxHistory.